| 000 | 00345nam a2200133Ia 4500 | ||
|---|---|---|---|
| 008 | 240624s9999 xx 000 0 und d | ||
| 041 | _aeng | ||
| 082 | _a320.011 VIT | ||
| 100 | _aVITTAL N | ||
| 245 | _aMUSINGS ON GOVERNANCE GOVERNING AND CORR | ||
| 260 |
_c2004 _aHyderabad _bICFAI press |
||
| 300 | _av, : 229 : p. : cm. ; 23 | ||
| 365 |
_cRS _b50 |
||
| 999 |
_c6634 _d6634 |
||